Población indígena en el Santiago colonial fines del siglo XVIII

Saved in:
Bibliografiske detaljer
Main Authors: Colivoro, Juan (Author), Alamos, Ignacio (Author)
Format: Bog
Sprog:spansk
Udgivet: Santiago, Chile Ediciones del Mate 2012
Fag:
Tags: Tilføj Tag
Ingen Tags, Vær først til at tagge denne postø!

MARC

LEADER 00000cam a2200000 a 4500
001 UCF3020
003 CL-VaPUC
005 20211106074451.0
008 120914e20120000CL |||||||||||||||||spa|d
999 |c 349542  |d 349540 
040 |c Pontificia Universidad Católica de Valparaíso 
082 0 4 |a 983.03 COL 2012  |2 21 
100 0 |a Colivoro, Juan  |e author  |9 564904 
245 1 0 |a Población indígena en el Santiago colonial fines del siglo XVIII 
260 |a Santiago, Chile  |b Ediciones del Mate  |c 2012 
300 |a 237 páginas 
583 |a last modification  |c 20120914 00:13:00  |k Rodrigo Vera 
650 7 |a HISTORIA DE CHILE  |2 CL-VaPUC  |9 564906  |y 1700-1860 
650 7 |a HISTORIA DE CHILE  |2 CL-VaPUC  |9 314072  |y SIGLO 18 
650 0 |a Historia de Chile  |9 265473 
650 0 |a Indígenas  |z CHILE  |9 317064 
700 0 |a Alamos, Ignacio  |e author  |9 564905 
852 |a BIBCUR 
942 |c BK  |2 ddc 
945 |d 20120914 00:00:00  |a dcastane 
952 |0 0  |1 0  |2 ddc  |4 0  |6 983_030000000000000_COL_2012  |7 0  |8 A  |9 452179  |a BIBHIS  |b BIBHIS  |d 2019-11-22  |i 4904966  |o 983.03 COL 2012  |p 4904966  |r 2025-01-20  |t 1  |w 2019-11-22  |y BK  |k HIS